000 01190naa a22003377a 4500
001 BR8005841
003 BR-BrBNA
005 20240918174652.0
007 ta
008 230509b bl.||||| |||| 00| 0 por d
040 _aBR-BrBNA
_bpor
_cBiblioteca Nacional de Agricultura
041 _a(Pt)
072 _aT00
_b/G514
_bGZ36
_bGZ65
090 _aT00 BR8005841
100 1 _aSilva, C.C. do A. e
100 1 _aAmir, Y.
100 1 _aPenna, Y.M. de A.D.
111 1 _a1. Congresso Brasileiro de Aguas Subterraneas
_cRecife, PE (Brazil)
_d9-14 Nov 1980
245 1 _aControle da poluicao das aguas subterraneas na regiao do Vale do Rio Paraiba [Sao Paulo, Brasil]
260 3 _aRecife, PE (Brasil):
_c1980.
500 _aAnais do 1. Congresso Brasileiro de Aguas Subterraneas Recife, PE (Brasil): 1980. p. 49-69 (BR8005841-AM)T00
650 _aAGUAS SUBTERRANEAS
650 _aRECURSO HIDRICO
650 _aPOLUICAO
650 _aVALE
650 _aRIO PARAIBA
650 _aSAO PAULO
773 0 _tAnais do 1. Congresso Brasileiro de Aguas Subterraneas
_wT00 BR8005841
_gRecife, PE (Brasil), 1980. p. 49-69
909 _a202404
_bLucia
_c55
_dLucia Elande
942 _cAM
_2AGRIS
999 _c312738
_d312738